书目信息 |
| 题名: |
魂断兰桥
|
|
| 作者: | ||
| 分册: | ||
| 出版信息: | 合肥 安徽人民出版社 1980 |
|
| 页数: | 375页 | |
| 开本: | 19cm | |
| 丛书名: | ||
| 单 册: | ||
| 中图分类: | I135 , I712.4 | |
| 科图分类: | ||
| 主题词: | 电影文学剧本--世界--选集 , 文学 | |
| 电子资源: | ||
| ISBN: | ||
| 000 | 00659nam0 2200241 45 | |
| 001 | 1572401106 | |
| 005 | 20150128110754.07 | |
| 010 | @dCNY0.86 | |
| 091 | @aCN@b10102.854 | |
| 100 | @a19950403d1980 em y0chiy0121 ea | |
| 101 | 1 | @achi@cmul |
| 102 | @aCN@b340000 | |
| 105 | @ay z 000by | |
| 200 | 10 | @a魂断兰桥@Ahun duan lan qiao@e外国电影文学剧本选 |
| 210 | @a合肥@c安徽人民出版社@d1980 | |
| 215 | @a375页@d19cm | |
| 517 | 1 | @a外国电影文学剧本选@Awai guo dian ying wen xue ju ben xuan |
| 606 | @a电影文学剧本@y世界@x选集 | |
| 606 | 0 | @a文学 |
| 690 | @aI135@v3 | |
| 690 | @aI712.4@v4 | |
| 801 | 0 | @aCN@bTSSF@c20150128 |
| 905 | @aZUCC@dI712.4@eJY12 | |
| 魂断兰桥:外国电影文学剧本选.-合肥:安徽人民出版社,1980 |
| 375页;19cm |
| ISBN :CNY0.86 |
| ● |
| 相关链接 |
|
|
|
|
正题名:魂断兰桥
索取号:I712.4/JY12
 
预约/预借
| 序号 | 登录号 | 条形码 | 馆藏地/架位号 | 状态 | 备注 |
| 1 | 7843126 | 278431261 | 学院路分馆/ [索取号:I712.4/JY12] | 在馆 |